Rappeur avec le plus d'auditeur par mois - Statistiques

Statistiques générales
  • Ce quiz a été pris 296 fois
  • Le résultat moyen est 8 sur 20
Statistiques - réponses
Hint Réponse % Correct
5,7m Jul
92%
4,5m Ninho
85%
3,4m SCH
72%
3,3m Pnl
66%
4,1m Niska
57%
2,7m Nekfeu
55%
5,1m Gazo
54%
5,1m Naps
54%
3,7m PLK
45%
3,5m Koba Lad
39%
3,1m Tiakola
39%
3,3m Orelsan
36%
2,7m Maes
27%
2,6m Leto
25%
3,1m Soso maness
25%
3,9m Alonzo
23%
2,4m MHD
10%
2,9m Naza
8%
2,4m Timal
7%
2,3m Lartiste
3%
Aucun quiz correspondant
Distribution des résultats
% des personnes avec chaque résultat
Percentile par nombre de réponses
Votre historique - résultats
Vous n’avez pas pris ce quiz